Clash Royale General Knowledge - Statistics

General Stats
  • This quiz has been taken 573 times
  • The average score is 8 of 15
Answer Stats
Hint Answer % Correct
Costs 9 Elixir Three Musketeers
87%
What level do you have to be to change your name? 4
76%
What costs 1 Elixir? Skeletons and Ice Spirits
74%
How many Skeletons in a Skeleton Army? 16
71%
How long does Graveyard last? (Lv.1) 10 sec
70%
My name is greenlion31 on Clash Royale! Join my clan called mvpsmashers456 and chill w/ me also the answer is Ok i will Ok i will
66%
Arena 8 Frozen Peak
58%
How many Legendaries are exclusively in Legendary Arena? 0
56%
What do you call those little Mini-Golems that appear when a golem dies? Golemites
56%
What do you get every 4 hours? Free Chest
36%
How many gems does it cost to immediately open a gold chest? 48
35%
What does the statue in Lengendary Arena resemble? Hog Rider
30%
The Legendary Coming/Came December 2016 Electro Wizard
26%
What is the rarest card? Lumberjack
20%
A Magical? 72
12%
No matching quizzes found
Score Distribution
Percent of People with Each Score
Percentile by Number Answered
Your Score History
You have not taken this quiz